Normal view
MARC view
Entry Topical Term
001 - CONTROL NUMBER
- control field: 15759
003 - CONTROL NUMBER IDENTIFIER
- control field: BD-RjUL
005 - DATE AND TIME OF LATEST TRANSACTION
- control field: 20250625100117.0
008 - FIXED-LENGTH DATA ELEMENTS
- fixed length control field: 250625|| aca||aabn | a|a d
040 ## - CATALOGING SOURCE
- Original cataloging agency: BD-RjUL
- Transcribing agency: BD-RjUL
150 ## - HEADING--TOPICAL TERM
- Topical term or geographic name entry element: Encyclopedia
- Form subdivision: Science & Technolgy
670 ## - SOURCE DATA FOUND
- Source citation: Work cat.: (BD-RjUL)85049: isbn o-07-079292-5 (set) Includes bibliographies and indexes, 15758, Mcgraw-Hill Encyclopedia of Science & Technolgy, 1976